Statistics for Back-to-Back MLB Most Valuable Players

Click here to take the quiz!

General Stats

  • This quiz has been taken 31 times
  • The average score is 9 of 13

Answer Stats

LeagueSeasonsPositionAnswer% Correct
National1992-93, 2001-04LFBarry Bonds
100%
National1980-813BMike Schmidt
82%
American1954-55CYogi Berra
82%
National1975-762BJoe Morgan
79%
American1956-57CFMickey Mantle
79%
National2008-091BAlbert Pujols
75%
American1993-941BFrank Thomas
64%
American1932-331BJimmie Foxx
64%
American2012-133BMiguel Cabrera
64%
American1960-61RFRoger Maris
64%
National1982-83OFDale Murphy
61%
National1958-59SSErnie Banks
57%
American1944-45PHal Newhouser
32%

Score Distribution

Percentile by Number Answered

Percent of People with Each Score

Your Score History

You have not taken this quiz